All 250+ 'J' Boy Names that have ever ranked in the top 1000 (US) - Statistics

General Stats
  • This quiz has been taken 87 times
  • The average score is 131 of 269
Answer Stats
Highest Rank Male name % Correct
78 Jay
100%
20 Joe
100%
1 John
100%
68 Jon
100%
11 Jack
98%
168 Jaime
98%
389 Jamey
98%
62 Jamie
98%
697 Jammie
98%
775 Jayme
98%
806 Jame
97%
1 James
97%
14 Jackson
95%
572 Jaxen
95%
43 Jaxon
95%
79 Jaxson
95%
661 Jaxxon
95%
30 Jose
95%
704 Joeseph
94%
419 Joesph
94%
678 Josef
94%
5 Joseph
94%
560 Jere
92%
108 Johnathan
92%
250 Johnathon
92%
959 Johney
92%
143 Johnie
92%
74 Johnnie
92%
45 Johnny
92%
727 Johny
92%
901 Jonatan
92%
16 Jonathan
92%
124 Jonathon
92%
670 Jonnie
92%
599 Jeramie
89%
569 Jeramy
89%
761 Jereme
89%
653 Jeremey
89%
600 Jeremie
89%
15 Jeremy
89%
805 Jermey
89%
575 Jasen
88%
2 Jason
88%
299 Jayson
88%
300 Josh
88%
652 Judd
88%
497 Julia
88%
1 Jacob
86%
759 Jade
86%
173 Jakob
86%
836 Jakobe
86%
888 Jaycob
86%
790 Jeramiah
86%
51 Jeremiah
86%
776 Jerimiah
86%
45 Jim
86%
30 Julian
86%
559 Julien
86%
726 Justen
86%
9 Justin
86%
827 Justine
86%
794 Juston
86%
817 Justyn
86%
320 Jean
84%
44 Jeff
84%
3 Joshua
84%
973 Joshuah
84%
69 Jimmie
83%
41 Jimmy
83%
26 Jordan
83%
693 Jorden
83%
349 Jordon
83%
648 Jordyn
83%
827 Joy
83%
215 Jax
81%
884 Jaxx
81%
14 Jerry
81%
74 Jaden
80%
415 Jadon
80%
695 Jadyn
80%
597 Jaeden
80%
174 Jaiden
80%
850 Jaidyn
80%
900 Jaydan
80%
4 Jayden
80%
757 Jaydin
80%
414 Jaydon
80%
96 Jake
78%
254 Jan
78%
683 Jefferey
78%
45 Jeffery
78%
10 Jeffrey
78%
325 Jeffry
78%
109 Jess
78%
195 Joey
78%
26 Jesse
75%
872 Jessee
75%
71 Jessie
75%
758 Jessy
75%
48 Juan
73%
981 Jad
72%
75 Jace
70%
182 Jase
70%
132 Jayce
70%
67 Joel
70%
124 Jonah
70%
151 Jude
70%
896 Jarad
64%
54 Jared
64%
348 Jarod
64%
939 Jarrad
64%
395 Jarred
64%
213 Jarrod
64%
295 Jonas
64%
194 Julio
64%
122 Jasper
63%
536 Jed
63%
161 Jett
63%
102 Jackie
61%
587 Jacky
61%
106 Jalen
61%
960 Jalon
61%
193 Jaylen
59%
387 Jaylin
59%
327 Johnson
58%
872 Jobe
56%
107 Jorge
56%
176 Judah
56%
681 Julious
56%
88 Julius
56%
468 Jasiah
55%
49 Josiah
55%
716 Joziah
55%
79 Jameson
53%
152 Javier
53%
66 Jesus
53%
680 Jens
50%
301 Jensen
48%
95 Jerome
48%
566 Jodie
48%
181 Jody
48%
568 Jule
48%
255 Jefferson
47%
781 Juelz
47%
423 Jules
47%
532 June
47%
287 Jamaal
45%
238 Jamal
45%
698 Jennie
45%
988 Jael
44%
454 Johan
42%
912 Johann
42%
986 Jerrel
38%
619 Joan
34%
372 Jaxton
33%
585 Jaxtyn
33%
223 Jerald
33%
830 Jermain
33%
135 Jermaine
33%
403 Jerold
33%
412 Jerrold
33%
807 Jordy
33%
608 Jedediah
31%
639 Jedidiah
31%
533 Jones
31%
328 Justice
31%
290 Joaquin
28%
872 Judy
27%
636 Jacques
25%
933 Janice
25%
961 Jaquez
25%
578 Jessica
25%
556 Jagger
23%
386 Jarvis
23%
535 Jennifer
23%
361 Jamar
22%
410 Jewel
22%
435 Jewell
22%
893 Jory
22%
973 Janet
20%
688 Jaren
20%
463 Jaron
20%
625 Joyce
20%
568 Jovan
19%
344 Judge
19%
903 Javen
17%
371 Javon
17%
946 Jayvon
17%
969 Jep
17%
181 Josue
17%
636 Jevon
16%
301 Judson
16%
115 Junior
16%
628 Jair
14%
386 Jamari
14%
779 Jameel
14%
486 Jamel
14%
691 Jamil
14%
726 Jaret
14%
915 Jarett
14%
883 Jarret
14%
299 Jarrett
14%
474 Jacoby
13%
435 Jamison
13%
825 Jettson
13%
767 Jamin
11%
597 Jerad
11%
654 Jered
11%
887 Jericho
11%
493 Jerod
11%
895 Jerrad
11%
436 Jerrod
11%
811 Josephine
11%
398 Jaylon
9%
247 Jennings
9%
671 Judith
9%
774 Jahmir
8%
525 Jamir
8%
798 Jeremias
8%
934 Jettie
8%
965 Jiles
8%
589 Justus
8%
918 Jabbar
6%
690 Jaleel
6%
744 Jamarcus
6%
432 Jaquan
6%
690 Jarrell
6%
787 Jasiel
6%
225 Jaziel
6%
730 Jovani
6%
735 Jovanni
6%
817 Jovanny
6%
828 Jovany
6%
624 Jabari
5%
892 Jrue
5%
988 Jabez
3%
559 Jairo
3%
646 Jakari
3%
618 Javion
3%
635 Jaylan
3%
915 Jayvion
3%
732 Jerel
3%
609 Jerrell
3%
825 Josephus
3%
680 Jadiel
2%
647 Jakai
2%
418 Jamarion
2%
683 Javonte
2%
805 Jesiah
2%
481 Junious
2%
350 Junius
2%
380 Juwan
2%
892 Jaheem
0%
356 Jaheim
0%
740 Jahiem
0%
983 Jajuan
0%
264 Jayceon
0%
840 Jaymes
0%
929 Jencarlos
0%
845 Jeptha
0%
503 Jeromy
0%
871 Jionni
0%
735 Jiraiya
0%
849 Jireh
0%
879 Johathan
0%
739 Johnpaul
0%
923 Jonael
0%
970 Joseluis
0%
915 Juluis
0%
No matching quizzes found
Score Distribution
Percent of People with Each Score
Percentile by Number Answered
Your Score History
You have not taken this quiz